长江及主要支流沿岸的地级和县级行政区 - 地图版 - Statistics

General Stats
  • This quiz has been taken 81 times
    60 since last reset
  • The average score is 205 of 457
Answers on the Map
Answers color-coded by a green-red scale on the quiz's map according to % correct below.
 
Answer Stats
行政区 % Correct
浦东新区
83%
张家港市
81%
常熟市
81%
启东市
81%
江阴市
78%
崇明区
78%
宝山区
78%
太仓市
75%
岳阳县
75%
岳阳市
75%
芜湖市
75%
长沙市
75%
玉树市
72%
奉节县
72%
巫山县
72%
荆州区
72%
江宁区
72%
玉树藏族自治州
72%
荆州市
72%
武汉市
72%
黄石市
72%
马鞍山市
72%
镇江市
72%
泰州市
72%
常州市
72%
无锡市
72%
苏州市
72%
渝北区
69%
万州区
69%
武昌区
69%
浦口区
69%
雨花台区
69%
崇川区
69%
海门区
69%
甘孜县
69%
甘孜藏族自治州
69%
宜昌市
69%
九江市
69%
安庆市
69%
南京市
69%
南通市
69%
秭归县
67%
汉阳区
67%
栖霞区
67%
泰兴市
67%
如皋市
67%
通州区
67%
天门市
67%
潜江市
67%
仙桃市
67%
南昌县
67%
宜宾市
67%
泸州市
67%
扬州市
67%
成都市
67%
南昌市
67%
渝中区
64%
巴东县
64%
监利市
64%
赤壁市
64%
建邺区
64%
六合区
64%
扬中市
64%
靖江市
64%
衡阳县
64%
海西蒙古族藏族自治州
64%
凉山彝族自治州
64%
攀枝花市
64%
黄冈市
64%
铜陵市
64%
汉中市
64%
贵阳市
64%
衡阳市
64%
江北区
61%
涪陵区
61%
忠县
61%
江夏区
61%
江汉区
61%
润州区
61%
京口区
61%
新北区
61%
九龙县
61%
西昌市
61%
阿坝县
61%
酉阳土家族苗族自治县
61%
迪庆藏族自治州
61%
昆明市
61%
池州市
61%
阿坝藏族羌族自治州
61%
乐山市
61%
陇南市
61%
遵义市
61%
安康市
61%
十堰市
61%
襄阳市
61%
荆门市
61%
孝感市
61%
格尔木市
58%
九龙坡区
58%
大渡口区
58%
丰都县
58%
云阳县
58%
夷陵区
58%
石首市
58%
当涂县
58%
仪征市
58%
邗江区
58%
广陵区
58%
江都区
58%
丹徒区
58%
康定市
58%
都江堰市
58%
黔西市
58%
武隆区
58%
湘潭县
58%
丹江口市
58%
老河口市
58%
东西湖区
58%
庐山市
58%
昌都市
58%
丽江市
58%
大理白族自治州
58%
昭通市
58%
咸宁市
58%
眉山市
58%
果洛藏族自治州
58%
宝鸡市
58%
广元市
58%
广安市
58%
湘潭市
58%
株洲市
58%
江津区
56%
巴南区
56%
南岸区
56%
江岸区
56%
青山区
56%
黄陂区
56%
武穴市
56%
汶川县
56%
汉川市
56%
吉安县
56%
恩施土家族苗族自治州
56%
鄂州市
56%
南充市
56%
铜仁市
56%
常德市
56%
永州市
56%
赣州市
56%
吉安市
56%
益阳市
56%
香格里拉市
53%
宜都市
53%
松滋市
53%
洪山区
53%
黄梅县
53%
无为市
53%
弋江区
53%
和县
53%
鼓楼区
53%
理塘县
53%
合川区
53%
沙坪坝区
53%
樊城区
53%
楚雄彝族自治州
53%
毕节市
53%
安顺市
53%
黔东南苗族侗族自治州
53%
巴塘县
50%
会理市
50%
长寿区
50%
枝江市
50%
公安县
50%
沙市区
50%
江陵县
50%
洪湖市
50%
岳阳楼区
50%
蔡甸区
50%
鄂城区
50%
枞阳县
50%
鸠江区
50%
句容市
50%
崇州市
50%
马尔康市
50%
峨眉山市
50%
剑阁县
50%
阆中市
50%
北碚区
50%
襄城区
50%
钟祥市
50%
资阳区
50%
鄱阳县
50%
曲靖市
50%
六盘水市
50%
黔南布依族苗族自治州
50%
怀化市
50%
湘西土家族苗族自治州
50%
宜春市
50%
上饶市
50%
治多县
47%
曲麻莱县
47%
石渠县
47%
芒康县
47%
古城区
47%
永川区
47%
华容县
47%
嘉鱼县
47%
汉南区
47%
华容区
47%
黄州区
47%
雨山区
47%
高港区
47%
双流区
47%
凯里市
47%
岳麓区
47%
襄州区
47%
宜城市
47%
硚口区
47%
瑞金市
47%
雅安市
47%
桂林市
47%
白玉县
44%
水富市
44%
伍家岗区
44%
新洲区
44%
瑞昌市
44%
镜湖区
44%
花山区
44%
温江区
44%
新津区
44%
嘉陵区
44%
彭水苗族土家族自治县
44%
天心区
44%
郧阳区
44%
东湖区
44%
沅江市
44%
称多县
42%
江达县
42%
玉龙纳西族自治县
42%
石柱土家族自治县
42%
点军区
42%
临湘市
42%
团风县
42%
浠水县
42%
彭泽县
42%
郊区
42%
繁昌区
42%
东坡区
42%
都匀市
42%
武陵区
42%
衡山县
42%
汨罗市
42%
德格县
39%
宁蒗彝族自治县
39%
西区
39%
东区
39%
屏山县
39%
叙州区
39%
翠屏区
39%
江安县
39%
纳溪区
39%
西陵区
39%
君山区
39%
蕲春县
39%
望江县
39%
铜官区
39%
雅江县
39%
青神县
39%
旬阳市
39%
郧西县
39%
丰城市
39%
新建区
39%
贡觉县
36%
德钦县
36%
维西傈僳族自治县
36%
泸县
36%
猇亭区
36%
黄石港区
36%
湖口县
36%
宿松县
36%
东至县
36%
贵池区
36%
义安区
36%
米易县
36%
茂县
36%
彭山区
36%
泸定县
36%
徽县
36%
利州区
36%
南部县
36%
仪陇县
36%
祁阳市
36%
衡南县
36%
樟树市
36%
西湖区
36%
得荣县
33%
华坪县
33%
木里藏族自治县
33%
会东县
33%
金阳县
33%
元谋县
33%
盐边县
33%
东川区
33%
南溪区
33%
江阳区
33%
龙马潭区
33%
西塞山区
33%
阳新县
33%
柴桑区
33%
浔阳区
33%
怀宁县
33%
大观区
33%
迎江区
33%
新龙县
33%
松潘县
33%
市中区
33%
壤塘县
33%
小金县
33%
汉源县
33%
金口河区
33%
峨边彝族自治县
33%
宁强县
33%
苍溪县
33%
蓬安县
33%
顺庆区
33%
高坪区
33%
桃源县
33%
衡东县
33%
望城区
33%
赣县区
33%
章贡区
33%
都昌县
33%
永胜县
31%
鹤庆县
31%
仁和区
31%
禄劝彝族苗族自治县
31%
巧家县
31%
昭阳区
31%
绥江县
31%
濂溪区
31%
盐源县
31%
冕宁县
31%
德昌县
31%
五通桥区
31%
犍为县
31%
金川县
31%
石棉县
31%
沐川县
31%
两当县
31%
武胜县
31%
水城区
31%
息烽县
31%
播州区
31%
开福区
31%
湘阴县
31%
南郑区
31%
城固县
31%
白河县
31%
谷城县
31%
沙洋县
31%
吉州区
31%
永修县
31%
南县
31%
雷波县
28%
大姚县
28%
永仁县
28%
武定县
28%
会泽县
28%
合江县
28%
丹巴县
28%
沙湾区
28%
凤县
28%
昭化区
28%
六枝特区
28%
织金县
28%
金沙县
28%
清镇市
28%
石阡县
28%
沿河土家族自治县
28%
芷江侗族自治县
28%
沅陵县
28%
汉寿县
28%
冷水滩区
28%
石鼓区
28%
岳塘区
28%
雨湖区
28%
汉台区
28%
洋县
28%
紫阳县
28%
岚皋县
28%
汉滨区
28%
红谷滩区
28%
余干县
28%
布拖县
25%
宾川县
25%
永善县
25%
云溪区
25%
久治县
25%
班玛县
25%
甘洛县
25%
略阳县
25%
朝天区
25%
威宁彝族回族苗族自治县
25%
钟山区
25%
纳雍县
25%
平坝区
25%
修文县
25%
开阳县
25%
德江县
25%
黄平县
25%
台江县
25%
辰溪县
25%
泸溪县
25%
鼎城区
25%
全州县
25%
东安县
25%
零陵区
25%
常宁市
25%
祁东县
25%
渌口区
25%
天元区
25%
勉县
25%
汉阴县
25%
于都县
25%
青原区
25%
吉水县
25%
宁南县
22%
岳池县
22%
普定县
22%
湄潭县
22%
余庆县
22%
凤冈县
22%
瓮安县
22%
思南县
22%
丹寨县
22%
施秉县
22%
剑河县
22%
天柱县
22%
会同县
22%
洪江市
22%
中方县
22%
溆浦县
22%
兴安县
22%
珠晖区
22%
雁峰区
22%
芦淞区
22%
留坝县
22%
西乡县
22%
石城县
22%
万安县
22%
峡江县
22%
新干县
22%
麻江县
19%
锦屏县
19%
石峰区
19%
石泉县
19%
会昌县
19%
泰和县
19%
No matching quizzes found
Score Distribution
Percent of People with Each Score
Percentile by Number Answered
Your Score History
You have not taken this quiz since the last reset